00769nam a2200241Ia 4500001000900000003000500009005001700014008004100031010001100072020001800083040000900101082002100110100002300131245006800154260008900222300001600311400004500327440003700372500004700409504003000456650001300486700002800499dia_2056CHAP20251023160256.0220117s1982 xx 000 0 und d a172594 a92-9039-042-5 cCHAP a635.642 V55 1982 aVillareal, Rubén aTomates /c Rubén Villareal ; traducción Edilberto Camacho aCosta Rica :b Instituto Interamericano de Cooperación para la Agricultura,c1982 avii, 184 p. aSERIE DE INVESTIGACIÓN Y DESARROLLO, 6 aInvestigación y desarrollo ; 6 aTitulo en inglés: Tomatoes in the tropic aBibliografía: p.163-179 a1.Tomate aCamacho, Edilberto, tr.